Training directory for SMEs : [July 2005- June 2006].
| Corporate Author: | |
|---|---|
| Format: | Book |
| Published: |
Petaling Jaya:
SMIDEC,
2005.
|
| Subjects: |
| LEADER | 00493cam a2200145 7i4500 | ||
|---|---|---|---|
| 001 | 0000016201 | ||
| 005 | 20051003090000.0 | ||
| 090 | 0 | 0 | |a M 607.025 |b SMA |
| 110 | 1 | 0 | |a Small and Medium Industries Development Corporation (SMIDEC) |
| 245 | 0 | 0 | |a Training directory for SMEs : [July 2005- June 2006]. |
| 260 | 0 | 0 | |a Petaling Jaya: |b SMIDEC, |c 2005. |
| 300 | # | # | |a 93 p. |
| 650 | 0 | 0 | |a Small and Medium enterprises -- |z Malaysia |
| 651 | 0 | 0 | |a Malaysia |
| 999 | |a 0000017587 |b Directories |c Malaysia |e Business Information Centre | ||